Größte ostdeutsche Stadien - Statistiken

Allgemein
  • Dieses Quiz wurde 25 mal gespielt
  • Das Durchschnittsergebnis liegt bei 7 aus 11
Antwortstatistiken
Verein Kapazität Antwort % Korrekt
RB Leipzig 47,000 Red Bull Arena
100%
Hansa Rostock 29,000 Ostseestadion
88%
Dynamo Dresden 32,000 Rudolf-Harbig-Stadion
88%
SV Babelsberg 03 10,500 Karl-Liebknecht-Stadion
75%
Hallescher FC 23,000 Leuna Chemie Stadion
75%
Energie Cottbus 22,500 Stadion der Freundschaft
75%
Erzgebirge Aue 16,500 Erzgebirgsstadion
63%
1. FC Magdeburg 30,000 MDCC-Arena
46%
FC Rot-Weiß Erfurt 18,500 Steigerwaldstadion
46%
VFC Plauen 16,000 Vogtlandstadion
29%
FC Carl Zeiss Jena 15,000 ad-Hoc Arena
17%
Keine übereinstimmenden Quizze gefunden
Verteilung der Resultate
Anzahl Personen mit jedem Resultat
Perzentil nach korrekt beantworteten Fragen
Ihre Resultats-Entwicklung
Sie haben dieses Quiz noch nicht gespielt